Advanced mathematics : preliminary edition

Saved in:
书目详细资料
企业作者: African education program Mombasa mathematics workshop
格式: 图书
出版: Newton : African education program, 1970.
丛编:Entebbe mathematics series
主题:
标签: 添加标签
没有标签, 成为第一个标记此记录!

MARC

LEADER 00000nam a22000007a 4500
020 |a NA 
022 |a NA 
040 |a MUL  |b eng  |c MUL  |e AACR 
082 |a 510 MOM 
110 |a African education program  |b Mombasa mathematics workshop 
245 |a Advanced mathematics :  |b preliminary edition 
260 |a Newton :  |b African education program,  |c 1970. 
300 |a ix, 1019 p. ;  |c 26 cm 
440 |v Vol.2 
490 |a Entebbe mathematics series 
546 |a eng 
650 |a Mathematics 
942 |c CC 
999 |c 10021  |d 10021